|
|
|
|
| LEADER |
00000cam a22000005a 4500 |
| 001 |
vtls011922468 |
| 003 |
SK-MaSNL |
| 005 |
20260301145507.0 |
| 008 |
230421s1789 xo a 000 0 hun |
| 015 |
|
|
|a SNBHFA
|
| 035 |
|
|
|a urn:nbn:sk:snk-am00ig93
|
| 035 |
|
|
|a 7412E13D-5B3C-4E9C-B3B8-4FE53C992808
|
| 040 |
|
|
|a SNKHFA
|b slo
|c SNKHFA
|e AACR2
|
| 041 |
0 |
|
|a hun
|
| 044 |
|
|
|a xo
|c SK
|
| 072 |
|
7 |
|a 821.511.1
|x Ugrofínske literatúry
|2 konspekt
|
| 072 |
|
7 |
|a 82-1/-8
|x Literatúra rôznych foriem a žánrov (o nej)
|2 konspekt
|
| 080 |
|
|
|a 821.511.141
|2 2011
|
| 080 |
|
|
|a 82-3
|2 2011
|
| 080 |
|
|
|a 82-1/-9
|2 2011
|
| 130 |
3 |
|
|a El=Ragadtatott
|9 505378
|
| 245 |
1 |
3 |
|a Az El-Ragadtatott Lyánkák
|
| 260 |
|
|
|a Kassán
|b Füskuti Landerer Ferentz költségével és betüivel
|c 1789
|
| 300 |
|
|
|a [4], 184 zach. s.
|c 18 cm
|
| 500 |
|
|
|a Frontispice signovaný Františkom Assnerom. Titulná strana s medirytinou. Zložky. Kustody
|
| 508 |
|
|
|a Venovanie vydavateľa
|
| 508 |
|
|
|a Frontispice signovaný: F. Assner Sc.
|
| 510 |
4 |
|
|a Bibliografia územne slovacikálnych tlačí 18. storočia
|c 2435
|
| 650 |
0 |
7 |
|a maďarská literatúra
|2 SNKPH
|9 1193
|
| 650 |
0 |
7 |
|a próza
|2 SNKPH
|9 1490
|
| 700 |
1 |
|
|a Landerer, František,
|d činný 18.-19. storočie
|4 pbl
|4 prt
|4 dto
|9 163575
|
| 700 |
1 |
|
|a Assner, Franz,
|d 1742-1810
|4 ill
|9 221505
|
| 752 |
|
|
|a Slovensko
|d Košice
|
| 852 |
|
|
|a Slovenská národná knižnica
|b Historické fondy
|
| 852 |
|
|
|a snk
|p SD 48049
|
| 958 |
|
|
|a ONDV
|
| 958 |
|
|
|a DD
|
| 999 |
|
|
|c 780342
|d 782272
|
| 952 |
|
|
|a SNK
|b SNK
|y PREZ
|7 0
|p 17A0990233
|o snkSD 48049
|i snkF 2667/79
|8 5
|0 0
|1 0
|4 0
|d 2020-03-06
|l 0
|r 2026-02-24 01:02:42
|w 2026-02-24
|